000 00523nam a2200181Ia 4500
001 17601
005 20260306171529.0
008 260306s9999||||xx |||||||||||||| ||und||
041 _aESP
082 _a658.1
_bB74
100 _aBorello, Antonio,
_eAUT
245 0 _aEl plan de negocios :
_bde herramienta de evaluación de una inversión a elaboración de un plan estratégico y operativo
260 _c2000
300 _axxiii, 194 páginas :
_c23 cm.
650 _aGEN
654 _aCAN
942 _cLIB
_dJUS
_fJUS
_2ddc
_n
999 _c17601
_d17601